| Поле | Название | Значение |
| |
Тип записи |
a |
| |
Библиографический уровень |
c |
| 001 |
Контрольный номер |
21a53591b2db4034912569706335f4a9 |
| 005 |
Дата корректировки |
20250110120123.7 |
| 010 |
Индекс ISBN |
__ |
| a |
ISBN |
978-5-389-14088-2 (в пер.) |
| d |
Цена |
651-67 |
| 9 |
Тираж |
3000 экз. |
| 100 |
Данные общей обработки |
__ |
| a |
Данные общей обработки |
19181004d2018||||||| 0rusy0189 ca |
| 101 |
Язык документа |
0_ |
| a |
Язык текста |
rus |
| 102 |
Страна публикации |
__ |
| a |
Страна публикации |
ru| |
| 102 |
Страна публикации |
__ |
| a |
Страна публикации |
ru |
| 105 |
Кодированные данные (монография) |
__ |
| a |
Кодированные данные (монография) |
||||||||000zy |
| 200 |
Заглавие и сведения об ответственности |
1_ |
| a |
Заглавие |
Суер-Выер и много чего еще |
| e |
Сведения, относящиеся к заглавию |
[роман, повести, рассказы] |
| f |
Первые сведения об ответственности |
Юрий Коваль ; [автор предисловия А. Етоев] |
| b |
Общее обозначение материала |
Текст |
| 210 |
Выходные данные |
1_ |
| a |
Место издания |
Санкт-Петербург |
| c |
Издательство |
Азбука |
| c |
Издательство |
Азбука-Аттикус |
| d |
Дата издания |
2018 |
| 215 |
Физическое описание |
__ |
| a |
Объем |
957, [1] с. |
| d |
Формат |
22 см |
| 225 |
Серия |
2_ |
| a |
Серия |
Русская литература. Большие книги |
| 300 |
Общие примечания |
__ |
| a |
Общие примечания |
Содержит нецензурную брань |
| 327 |
Примечание о содержании |
0_ |
| a |
Примечание о содержании |
Самая легкая лодка в мире |
| 327 |
Примечание о содержании |
0_ |
| a |
Примечание о содержании |
От красных ворот |
| 327 |
Примечание о содержании |
0_ |
| a |
Примечание о содержании |
Приключения Васи Куролесова |
| 327 |
Примечание о содержании |
0_ |
| a |
Примечание о содержании |
Промах гражданина Лошакова |
| 327 |
Примечание о содержании |
0_ |
| a |
Примечание о содержании |
Пять похищенных монахов |
| 327 |
Примечание о содержании |
0_ |
| a |
Примечание о содержании |
Недопесок |
| 327 |
Примечание о содержании |
0_ |
| a |
Примечание о содержании |
Шамайка |
| 327 |
Примечание о содержании |
0_ |
| a |
Примечание о содержании |
Алый |
| 327 |
Примечание о содержании |
0_ |
| a |
Примечание о содержании |
Елец |
| 327 |
Примечание о содержании |
0_ |
| a |
Примечание о содержании |
Козырек |
| 330 |
Аннотация |
__ |
| a |
Аннотация |
Есть писатели славы громкой. Как колокол. Или как медный таз. И есть писатели тихой славы. Тихая - слава долгая. Поэтесса Татьяна Бек сказала о писателе Ковале: "Слово Юрия Коваля будет всегда, пока есть кириллица, речь вообще и жизнь на Земле". Книги Юрия Коваля написаны для всех читательских возрастов, всё в них лёгкое и волшебное - и предметы, и голоса зверей, и деревья, и цветы полевые, и слова, которыми говорят звери и люди, птицы и дождевая вода. Обыденность в его книгах объединилась с волшебной сказкой. Наверное, это и называется читательским счастьем - знать, что есть на свете такие книги, к которым хочется всегда возвращаться. |
| 333 |
Примечание о целевом назначении |
__ |
| a |
Примечание о целевом назначении |
18+. Запрещено для детей |
| 606 |
Тематические рубрики |
__ |
| a |
Основная рубрика |
Художественная литература |
| 606 |
Тематические рубрики |
__ |
| a |
Основная рубрика |
Русская литература XX в. (произведения) |
| 610 |
Ключевые слова |
0_ |
| a |
Ключевые слова |
Вася Куролесов |
| a |
Ключевые слова |
литературные герои |
| a |
Ключевые слова |
литературные персонажи |
| a |
Ключевые слова |
повести |
| a |
Ключевые слова |
рассказы |
| a |
Ключевые слова |
романы |
| a |
Ключевые слова |
тема жизни |
| a |
Ключевые слова |
тема людей |
| a |
Ключевые слова |
тема приключений |
| a |
Ключевые слова |
тема природы |
| a |
Ключевые слова |
тема юмора |
| a |
Ключевые слова |
юмористические детективы |
| 686 |
Индексы других классификаций |
__ |
| 2 |
Код системы |
rubbks |
| a |
Классификационный индекс |
84(2=411.2)6-4; ст84(2Рос=Рус)6-4 |
| 700 |
Автор |
_1 |
| a |
Фамилия |
Коваль |
| b |
Имя |
Ю. И. |
| f |
Даты |
1938-1995 |
| g |
Полное личное имя |
Юрий Иосифович |
| 4 |
Код отношения |
070 |
| 702 |
Вторичная интеллектуальная ответственность |
_1 |
| a |
Фамилия |
Етоев |
| b |
Имя |
А. |
| 4 |
Код отношения |
Автор предисловия и т.д. |
| g |
Полное личное имя |
Александр |
| 4 |
Код отношения |
080 |
| 801 |
Источник записи |
_0 |
| a |
Страна |
ru |
| b |
Организация |
Муниципальное бюджетное учреждение культуры "Централизованная библиотечная система" г. Сургут (Центральная городская библиотека им. А. С. Пушкина) |
| c |
Дата составления |
20181004 |
| g |
Правила каталогизации |
rpk |
| 801 |
Источник записи |
_1 |
| a |
Страна |
ru |
| b |
Организация |
Муниципальное бюджетное учреждение культуры "Централизованная библиотечная система" г. Сургут (Центральная городская библиотека им. А. С. Пушкина) |
| c |
Дата составления |
20181004 |
| g |
Правила каталогизации |
rpk |
| 852 |
Данные о местонахождении |
__ |
| j |
Шифр хранения |
84(2=411.2)6-4 |
| i |
Авторский знак |
К 56 |
| 901 |
Тип документа |
__ |
| t |
Тип документа |
x |
| a |
Ответственный |
ООФиК/Волкова |
| 903 |
Характеристики (МАРС) |
__ |
| a |
Дата передачи |
20181004 |
| 990 |
Данные о заказе (DOS) |
__ |
| j |
Количество экземпляров (DOS) |
5 |
| t |
N записи в КСУ для И/У (DOS) |
201810 |